Largest Galaxies in the Universe - Statistics

General Stats
  • This quiz has been taken 13 times
  • The average score is 11 of 106
Answer Stats
Major Axis Diameter Answer % Correct
705,700 IC 1633
100%
702,800 NGC 1759
33%
752,000 NGC 4038
33%
803,900 NGC 623
33%
717,000 NGC 6872
33%
748,100 2MASX J00193870+0335573
17%
751,700 2MASX J01331683+2311233
17%
933,900 2MASX J12114313+0801071
17%
1,134,000 2MASX J14102504+6337103
17%
1,009,000 Abell 1146 BCG
17%
801,400 Abell 1413 BCG
17%
868,300 Abell 1437B BCG
17%
795,100 Abell 1504 BCG
17%
1,077,000 Abell 1576 BCG
17%
822,000 Abell 1602 BCG
17%
731,500 Abell 1758N BCG
17%
769,800 Abell 1785B BCG
17%
720,200 Abell 1807 BCG
17%
939,200 Abell 1942 BCG
17%
747,700 Abell 2061 b
17%
715,200 Abell 2125 BCG
17%
713,400 Abell 2219 BCG
17%
1,014,000 Abell 2397 BCG
17%
745,700 Abell 2397 G1
17%
736,700 Abell 267 BCG
17%
1,290,000 Abell 3039 BCG B
17%
878,800 Abell 3300 BCG
17%
727,700 Abell 360 BCG
17%
913,900 Abell 384 BCG
17%
760,000 Abell 655 BCG
17%
885,200 Abell 697 BCG
17%
995,300 Abell 747 BCG
17%
790,200 Abell 773N BCG
17%
766,500 Abell 781 b
17%
776,900 Abell 812 BCG
17%
750,200 Abell 908 BCG
17%
841,200 Abell 963 BCG
17%
716,900 Abell S1077 BCG
17%
700,900 Abell S235 BCG
17%
707,400 ESO 11-4
17%
1,132,000 ESO 151-41
17%
916,000 ESO 156-18
17%
742,900 ESO 198-1
17%
913,600 ESO 206-2
17%
1,731,000 ESO 248-6
17%
727,700 ESO 251-21
17%
897,000 ESO 286-41
17%
798,000 ESO 291-9
17%
1,070,000 ESO 306-17
17%
1,212,000 ESO 347-9
17%
1,043,000 ESO 350-15
17%
1,764,000 ESO 383-76
17%
1,454,000 ESO 409-25
17%
866,500 ESO 443-11
17%
705,200 ESO 443-4
17%
944,600 ESO 473-5
17%
840,700 ESO 541-13
17%
710,000 ESO 552-20
17%
830,600 MACS J0024.5+3312 BCG
17%
741,600 3C 295
0%
862,300 4C +41.26
0%
771,000 7C 1043+5953
0%
763,600 B2 1132+32
0%
813,900 B3 1448+445
0%
715,200 B3 1715+425
0%
784,500 LCSB S1161P
0%
782,400 LEDA 1118210
0%
800,300 LEDA 1143180
0%
975,400 LEDA 1273002
0%
755,500 LEDA 1460988
0%
916,400 LEDA 1654342
0%
782,500 LEDA 1816387
0%
958,600 LEDA 1838034
0%
703,100 LEDA 1869052
0%
702,100 LEDA 1869814
0%
756,500 LEDA 1969788
0%
772,900 LEDA 2066332
0%
721,600 LEDA 2188433
0%
704,000 LEDA 2262657
0%
769,500 LEDA 2463193
0%
1,115,000 MCG-04-02-013
0%
932,900 MCG �25-047
0%
780,900 NVSS J080730+340042
0%
868,100 OGC 116
0%
779,700 OGC 1311
0%
915,700 OGC 169
0%
738,000 OGC 188
0%
737,500 OGC 199
0%
762,000 OGC 231
0%
720,200 OGC 235
0%
760,700 OGC 26
0%
788,800 OGC 31
0%
827,300 OGC 369
0%
757,800 OGC 499
0%
883,100 OGC 511
0%
709,700 OGC 512
0%
830,900 OGC 560
0%
876,300 OGC 666
0%
722,900 OGC 667
0%
785,800 OGC 763
0%
772,200 OGC 856
0%
719,900 OGC 898
0%
1,036,000 OGC 94
0%
710,000 OGC 966
0%
803,800 PGC 6616
0%
865,600 QSO J0931+3204
0%
No matching quizzes found
Score Distribution
Percent of People with Each Score
Percentile by Number Answered
Your Score History
You have not taken this quiz